[Event "Dos Hermanas-B"]
[Site "Dos Hermanas"]
[Date "2003.04.01"]
[Round "5"]
[White "Cifuentes Parada, Roberto"]
[Black "Franco Ocampos, Zenon"]
[Result "1-0"]
[WhiteElo "2506"]
[BlackElo "2506"]
[Annotator "Cifuentes Parada,L"]
[PlyCount "137"]
[EventDate "2003.03.28"]
[EventType "tourn"]
[EventRounds "9"]
[EventCountry "ESP"]
[EventCategory "10"]
[SourceTitle "CBM 095"]
[Source "ChessBase"]
[SourceDate "2003.07.25"]
[SourceVersion "1"]
[SourceVersionDate "2003.07.25"]
[SourceQuality "1"]

1. d4 d5 2. c4 c6 3. Nc3 Nf6 4. e3 a6 5. Nf3 b5 6. b3 Bg4 (6... Bf5 7. Ne5 (7.
Bd3 Bxd3 8. Qxd3 e6 9. a4 b4 10. Ne2 Nbd7 11. Bb2 Bd6) 7... h6 (7... e6 8. g4 (
8. Bd2 $5 Nfd7 9. Nd3 Be7 10. Be2 dxc4 11. bxc4 bxc4 12. Nb2 c5 13. Bf3 Ra7 14.
Nxc4 cxd4 15. exd4 Nf6 16. Bf4 O-O 17. O-O) 8... Bg6 9. h4 Ne4 (9... Bb4 10.
Bd2 Bxc3 11. Bxc3 Ne4 12. Bb4 a5 13. Bd2 bxc4 14. bxc4 f6 15. Nxg6 hxg6 16. Bg2
Nxd2 17. Qxd2 Nd7 18. Qc2 Kf7 19. h5 gxh5 20. gxh5 f5 21. Rb1 Rb8 22. Rxb8 Qxb8
23. Ke2 Nf6 24. Bf3) 10. Nxe4 Bxe4 11. f3 f6 12. Nxc6 Nxc6 13. fxe4 dxe4 14.
Qc2 $14 Bb4+ (14... f5 {Topalov,V-Popchev,M/Bulgaria (ch)1992}) 15. Kf2 f5 16.
gxf5 $1 O-O (16... exf5 17. cxb5 Ne7 (17... Nxd4 18. exd4 Qxd4+ 19. Be3 Qxa1
20. Qc6+ $18) 18. bxa6 $16) 17. Qxe4 Rxf5+ 18. Kg1 Qd6 19. Bg2 Raf8 20. Rh3 Bc3
21. Rb1 Ne7 22. Bb2 Bxb2 23. Rxb2 R8f6 24. c5 Qb8 25. h5 h6 26. Bf3 Qf8 27. Bg4
Rf1+ 28. Kh2 Qf7 29. Rg2 Nd5 30. Rhg3 $16) 8. g4 Bh7 9. Bg2 e6 10. O-O Be7 11.
f4 Nfd7 12. cxd5 Nxe5 (12... cxd5 13. Nxd5 $1 exd5 14. Nxf7 Kxf7 15. Bxd5+ Ke8
16. Bxa8 $18) 13. d6 $1 Qxd6 14. dxe5 Qc7 15. Ne4 O-O 16. Bb2 Nd7 17. Rc1 c5
18. g5 $1 hxg5 19. Nxg5 Bxg5 20. Bxa8 Rxa8 21. fxg5 Nxe5 22. Qd4 $1 f6 23. Qf4
{1-0 Kramnik,V-Bareev,E/Mónaco blidfold 2003}) 7. Be2 e6 8. O-O Nbd7 9. h3 Bh5
(9... Bf5 10. Bd3 Bd6 (10... Bxd3 11. Qxd3 Bb4 12. Bb2 O-O 13. Rfc1 $1 Bd6 14.
Rc2 Rc8 15. Rac1 dxc4 16. bxc4 b4 17. Ne4 Nxe4 18. Qxe4 Qa5 19. Nd2 Qh5 20. c5
Bc7 21. Qd3 a5 22. Qa6 f5 23. Nc4 Nb8 24. Qb7 f4 25. exf4 Bxf4 26. Re1 Bc7 27.
d5 $1 exd5 $2 (27... cxd5 $142 28. Nd6 Qg6 29. Rce2 Bxd6 30. Rxe6 Qf7 31. Qxf7+
Rxf7 32. cxd6 $14) (27... Qxd5 28. Nd6 $18) 28. Nd6 $18 Qg6 29. Re7 {1-0
Gelfand,B-Acs,P/Budapest 2003}) 11. Bxf5 exf5 12. Qc2 g6 13. cxd5 cxd5 14. Nxd5
$1) (9... Bxf3 10. Bxf3 Bb4 (10... Be7 11. Qc2 O-O 12. a4 (12. e4 e5 13. Be3
dxc4 14. bxc4 exd4 15. Bxd4 Bd6 16. Rad1 Qe7 17. Rfe1 Be5 18. Ne2 Rfe8 19. Be3
Rac8 20. g3 Bb8 21. Bg2 Ne5 22. cxb5 cxb5 23. Qb3 Nc4 24. Bd4 Be5 25. f4 Bxd4+
26. Nxd4 Qc5 27. Kh2 Rcd8 28. Qc3 b4 29. Qa1 Na3 30. e5 Nd5 31. Nb3 Qb6 32. e6
fxe6 33. Qe5 Nc4 34. Qd4 Qxd4 35. Rxd4 Nde3 36. Be4 Rc8 37. Kg1 Kf7 38. f5 Kf6
39. fxe6 Rxe6 40. Nd2 Ke7 41. Kf2 Rc5 42. Nb3 Rb5 43. Rxe3 Nxe3 44. Kxe3 Rh6
45. Bd3 Re5+ 46. Kf4 Ree6 47. Rxb4 Rxh3 48. Rb7+ Kf8 49. Nc5 Rd6 50. Bf5 Rhh6
51. Ke5 Rd2 52. Ne6+ Ke8 53. Nxg7+ Kd8 54. Ne6+ {1-0 Volkov,S-Yegiazarian,A/
Minsk 1998/EXP 64 (56)}) 12... Rc8 13. axb5 axb5 14. c5 e5 15. Bd2 Ra8 16. Na2
$1 Qc7 17. Nb4 $14) 11. Qc2 (11. Bb2 O-O 12. Qe2 Re8 13. e4) 11... O-O 12. a3
Bxc3 13. Qxc3 bxc4 14. bxc4 Nb6 15. c5 Nbd7 16. Rb1 Re8 17. Bd2 e5 18. Rb7 exd4
19. exd4 Ne4 20. Qa5 Nxd2 21. Qxd2 Nf8 22. Rfb1 Qf6 23. Rc7 Re7 24. Rxe7 Qxe7
25. Rb6 Qc7 26. Be2 $14 {Vizmanavin,A-Shirov,A/Intel PCA rapid 1994}) 10. Bb2
Be7 (10... Bd6 11. Ne5 Bxe2 12. Nxe2 Qc7 (12... Rc8 13. Qd3 O-O 14. Rfc1 Ne4
15. cxd5 cxd5 16. Rxc8 Qxc8 17. Rc1 Qb7 18. Nxd7 Qxd7 19. Qc2 $14) (12... bxc4
13. bxc4 O-O 14. Qc2 Rc8 15. Nxd7 Nxd7 16. c5 Bc7) 13. cxd5 cxd5 14. Rc1 Qb8 $1
(14... Qb7 $6 15. Qc2 $1 O-O 16. Qc6 Qxc6 17. Rxc6 Bxe5 18. dxe5 Rfc8 19. Rfc1
Rxc6 20. Rxc6 Ne8 21. Ng3 b4 22. e4 dxe4 23. Nxe4 a5 24. f4 a4 25. Rc4 axb3 26.
axb3 $16) 15. Nxd7 Nxd7 16. e4 $5 b4 (16... dxe4 17. d5 Be5 18. dxe6 fxe6 19.
Nd4 Qd6 20. Qe2 Bxd4 21. Qxe4 O-O 22. Bxd4 $16) 17. e5 Be7 18. Nf4 O-O 19. Qg4
Qb7 20. h4 Kh8 (20... Rfc8) 21. Rc2 (21. h5 $5 Rac8 22. h6 g6 23. Nh3 Rxc1 (
23... Nb8 24. Ng5 Nc6 25. Rfd1) 24. Rxc1 Rc8 25. Ng5 Kg8 26. Qf4 Rxc1+ 27. Bxc1
Bxg5 28. Qxg5 f6 29. exf6 Kf7 30. Bd2 a5 31. Qf4 Qb8 32. g4 Qxf4 33. Bxf4 Nxf6
34. f3 Ne8 35. Kf2 $16) 21... Rfc8 22. Re2 a5 23. Nh5 g6 24. Nf4 Qb5 25. Rd1 a4
26. h5 g5 27. h6 $1 Rg8 28. Nh3 Rg6 29. Rc2 Rxh6 30. Nxg5 Rg6 31. Bc1 Kg8 32.
Qh5 Nf8 33. Nh3 axb3 34. axb3 Qa6 35. Bh6 Rc8 36. Rxc8 Qxc8 37. Rc1 Qd8 38. g3
Qb6 39. Be3 Qa6 40. Nf4 Rg5 41. Qe2 Qa3 42. Qd1 Qa6 43. Qe2 Qa3 44. Qd1 Qa6 45.
Rc7 Bd8 46. Rc2 Rf5 47. Nh5 Qa3 48. Rc8 Be7 49. Qg4+ Bg5 50. Bxg5 Qa1+ 51. Kg2
Qxd4 52. Qxd4 {1-0 Van Wely,L-Morozevich,A/Monte Carlo blindfold 2003}) (10...
Qb8 $6 11. Ne5 Bxe2 12. Qxe2 $1 Nxe5 13. dxe5 Nd7 14. cxd5 cxd5 15. Rfd1 Be7
16. Qg4 (16. e4 d4 17. Rxd4 Nxe5) 16... g6 17. Ne2 Nxe5 (17... O-O 18. Qg3 Qb7
19. Rac1 Rac8) 18. Qf4 f6 19. e4 g5 20. Qe3 dxe4 21. Qxe4 Kf7 22. Rac1 Ra7 23.
f4 gxf4 24. Nxf4 Bd6 25. Nh5 Rc7 26. Rxc7+ Qxc7 27. Qf4 Be7 28. Nxf6 $1 $18 {
Radjabov,R-Braga,F/ Bled (ol) 2002}) 11. Ne5 Bxe2 12. Nxe2 (12. Qxe2 $5 Nxe5 (
12... Rc8 13. f4 O-O 14. a3) 13. dxe5 Nd7 14. cxd5 cxd5 15. Rfd1 Qb6 (15... Qb8
16. Qg4 g6 17. Ne2 {traspone a la partida Radjabov,R-Braga,F/Bled (ol) 2002}) (
15... O-O $6 16. e4 $1 d4 (16... b4 17. Na4 dxe4 18. Qxe4 Ra7 $14) 17. Rxd4 Bc5
18. Rd2 Qc7 19. Rc1 $1) 16. Qg4 g6 17. e4 d4 18. Ne2 Nxe5 19. Qg3 Nc6 20. Nxd4
O-O 21. Nxc6 Qxc6 22. Qe5 f6 23. Rac1 Rad8 $8 (23... Qb6 24. Bd4 $1) 24. Rxd8
Qxc1+ 25. Bxc1 fxe5 $14) 12... Nxe5 (12... Qb6 13. cxd5 cxd5 14. Rc1 Qb7 (14...
Nxe5 15. dxe5 Nd7 16. Nf4 O-O 17. Qg4) 15. Qc2 O-O 16. Qc7 Rfb8 17. Qxb7 Rxb7
18. Rc6 Kf8 19. Rfc1 Rbb8 20. Nf4 Ke8 21. Nfd3 $14 a5 22. Bc3 (22. f3 a4 23.
Kf2) 22... b4 23. Be1 Nxe5 24. Nxe5 Nd7 25. Nd3 Rb6 26. f3 Rxc6 27. Rxc6 Bg5
28. Kf2 Kd8 29. Ke2 Rc8 30. Rxc8+ Kxc8 31. a3 bxa3 32. Bxa5 Kb7 33. Bb4 Be7 34.
Kd2 e5 $2 (34... Nf8 $142 35. Kc3 Ng6 36. Bxe7 Nxe7 37. g4 Kb6 38. Ne1 Ng6 39.
f4 Nh4 40. Nc2 Ng2 41. b4 h6 42. g5) 35. Kc3 e4 36. Bxe7 a2 37. Kb2 exd3 38.
Bb4 $16 Nf8 39. Kxa2 Ng6 40. Kb2 Nh4 41. Kc3 Nxg2 42. Kxd3 Nh4 43. Ke2 Kc6 44.
Bf8 Nf5 45. Kd3 g6 46. e4 Nh4 47. Ke2 {1-0 Gelfand,B-Bareev,E/Amber Blindfold
2003}) (12... Rc8 {= R.Hubner} 13. Rc1 Nxe5 14. dxe5 Nd7) 13. dxe5 Nd7 14. cxd5
(14. Nd4 Rc8 15. cxd5 cxd5 16. Rc1) 14... cxd5 15. Nf4 $5 $146 {[%mdl 8]} (15.
Rc1 O-O $1 (15... Rc8 16. Nd4 Bc5 (16... O-O) (16... Rxc1 17. Qxc1 Bc5 18. Ba3
b4 19. Bxb4 Bxb4 20. Nc6 Qh4 21. Nxb4 O-O 22. Nc6 Qe4 23. Rd1 Kh8 24. Rd4 $18)
17. f4 (17. b4 Bxd4 18. Qxd4 Rc4 19. Rxc4 bxc4) 17... O-O 18. Qg4 g6 (18... Qa5
19. Nxe6 fxe6 20. Qxe6+ Kh8 21. Qxd7 Bxe3+ 22. Kh2 Bxc1 23. Rxc1 Rcd8) 19. h4 (
19. b4 Bxd4 20. Bxd4 Qe7 21. a3) 19... h5 20. Qh3 $14) 16. Nd4 (16. Nf4 Qb8) (
16. Rc6 Qb8 17. Qd4 Qb7 18. Rfc1 Rac8 19. Qc3 b4 20. Qc2 Bc5 21. Rxc8 Rxc8 22.
Bd4 Rc7) 16... Qb6 (16... Rc8 17. Qe2 (17. Nc6 Qe8 18. Bd4) 17... Qb6 18. e4
Rxc1 19. Rxc1 Bc5 20. Rd1 dxe4 21. Qxe4 Rc8 $11) 17. e4 (17. Rc6 $6 Qb7 18. Qc2
Ra7 $1 19. Rc1 Nxe5 $1 20. Nxe6 Qxc6 21. Nxf8 Qxc2 22. Rxc2 Nc4 $1 23. bxc4
dxc4 24. Bd4 Rb7 $17 {Krasenkow,M-Epishin,V/ Brno 1994}) 17... Nxe5 18. exd5
exd5 19. Nf5 Bf6 20. Bxe5 Bxe5 21. Rc6 Qd8 22. Re1 Re8 23. Nd6 Qf6 24. Nxe8
Qxc6 25. Rxe5 Rxe8 26. Rxe8+ Qxe8 27. Qxd5 $11 {Mukic,J-Fontaine,R/ Hotel
Opatija 2002}) 15... Qb8 $1 (15... O-O 16. Qg4 Kh8 17. Rac1 Rc8 18. Rxc8 Qxc8
19. Rc1 Qb7 20. Nh5 g6 21. Nf6 $1 (21. Nf4 Rc8 22. Rxc8+ Qxc8 23. Nxd5 exd5 24.
Qxd7 Qxd7 25. e6+ f6 26. exd7 Kg7 27. Bd4 Bd8 $11) 21... Nxf6 22. exf6 Bd6 23.
Qd4 Rc8 24. Rxc8+ Qxc8 25. Qb6 $1 (25. Qa7 Kg8 $1 26. g3 Bc5) 25... Bc5 26. Qa5
h6 27. Ba3 $5 Bxa3 28. Qxa3 Kg8 29. Qe7 $14) (15... Rc8 $143 16. Qg4 O-O 17.
Rac1 $1 Qb6 $2 18. Nxd5 $1) 16. Nh5 g6 $1 (16... O-O $6 17. e4 $1 g6 (17...
Nxe5 18. exd5 Rd8 (18... g6 19. Re1) 19. Qe2 Rxd5 20. Nf4 Rc5 21. Bd4 $16) 18.
Nf6+ Bxf6 19. exf6 Qf4 (19... Qd6 20. Qd2) 20. exd5 exd5 21. Re1 $1 Rae8 (21...
Nxf6 22. g3 Qd6 23. Qd4 Kg7 24. Re5 Rad8 25. Rd1 Kg8 26. Rxd5 $1) (21... Rfe8
22. Qxd5 Nxf6 23. Qc6) 22. Qxd5 Nxf6 23. Qc6 $14) 17. Nf6+ Nxf6 (17... Bxf6 18.
exf6 {xg7}) 18. exf6 Bd6 19. e4 $6 (19. Qd4 $1 O-O (19... Qa7 20. Qd2 (20. Qh4
Qb7 21. Rac1 (21. Qh6 Bf8 22. Qf4 h5 23. Rac1))) (19... O-O 20. Rac1 Qb7 (20...
Rc8 21. e4 Rxc1 22. Rxc1 Bh2+ 23. Kh1 Bf4 24. Rc6 dxe4 25. Qxe4) 21. Rc2 Rfc8
22. Rfc1 Rxc2 23. Rxc2 Rc8 24. Qa7 $1 Qa8 $8 (24... Qxa7 25. Rxc8+ Bf8 26. Ba3
h5 27. Rxf8+ Kh7 28. Be7 g5 29. Rxf7+ Kg6 30. Rg7+ Kh6 31. Rg8 $18) 25. Qxa8
Rxa8 26. Rc6 Bf8 27. Kf1 b4 28. Ke2 a5 29. Kd3 a4 30. e4 dxe4+ 31. Kxe4 $14)
20. Rac1 Qb7 (20... Rc8 21. e4 Rxc1 22. Rxc1 Bh2+ 23. Kh1 Bf4 24. Rc6 dxe4 25.
Qxe4) 21. Rc2 Rfc8 22. Rfc1 Rxc2 23. Rxc2 Rc8 $6 24. Qa7 $1 Qa8 $8 (24... Qxa7
25. Rxc8+ Bf8 26. Ba3 h5 27. Rxf8+ Kh7 28. Be7 g5 29. Rxf7+ Kg6 30. Rg7+ Kh6
31. Rg8 $18) 25. Qxa8 Rxa8 26. Rc6 Bf8 27. Kf1 b4 28. Ke2 a5 29. Kd3 a4 30. e4
dxe4+ 31. Kxe4 $14) 19... dxe4 20. Qd4 O-O 21. Qxe4 Rd8 22. Rfd1 Ra7 $1 $11 23.
Rac1 (23. Be5 Rad7 (23... h5 24. Rxd6 Rxd6 25. a4 Rad7 26. Bxd6 Qxd6) 24. Rxd6
Rxd6 25. Qf4 R8d7 $1 26. Bxd6 Qxd6 27. Rc1 $14) (23. g3 Rad7 24. Rd3 (24. Kg2
Bxg3) 24... Bc5 25. Rad1 Rxd3 26. Rxd3 Qb6 27. Rxd8+ Qxd8 28. b4 Bf8) 23...
Rad7 24. Kh1 (24. g3 $2 Bxg3 $1 25. Rxd7 Bh2+ 26. Kg2 Rxd7 $17) 24... h6 25.
Qc6 $6 (25. Rd4 $142 b4 26. Rcd1 Qc7 27. Qd3) (25. g3 Bxg3 $1 26. Rxd7 Rxd7 27.
fxg3 Qxg3 28. Qg4 Qf2 29. Be5 Rd3 $44) 25... Rc7 (25... Qa7 $5 26. Rc2 Bf4 27.
Rxd7 Qxd7 28. g3 Qd3 29. Kg2 Bd2) 26. Qxa6 (26. Qe4 $11) (26. Qf3 $11) 26...
Ra7 27. Qc6 Rxa2 28. Bd4 (28. Rc2) 28... Bf4 29. Rb1 (29. Bb6 Rxd1+ 30. Rxd1
Ra6) 29... Rd6 (29... Rd5 $142) 30. Qe4 e5 $6 31. Bc5 Rxf6 $2 (31... Rxd1+ 32.
Rxd1 Qa8 33. Qxa8+ Rxa8 34. g3 Bg5 35. Rd6 $14) 32. Be7 $1 Qb6 33. Bxf6 Qxf6
34. Rf1 $14 h5 35. Rbd1 Rb2 36. Rd3 Bh6 (36... Qe6) 37. Rf3 Qe6 38. Rd1 Rxb3
39. Rxb3 Qxb3 40. Rd8+ Kh7 41. Qxe5 Bg7 42. Qf4 Qc4 $2 (42... b4 43. Rd7 Kg8
44. Kh2 Bf8 45. Rd8 $18) (42... Bc3 $142 43. g4 Ba5 44. Rd7 Qxh3+ 45. Kg1 Qxg4+
46. Qxg4 hxg4 47. Rxf7+ Kh6 48. Rb7 b4 49. Kg2 Bd8 $1 50. Kg3 Kh5 51. Rb5+ g5
52. Rxb4 Bc7+ 53. Kg2) 43. Qxc4 bxc4 44. Rc8 c3 45. Kg1 Bd4 46. Rc4 Bg7 47. h4
Bf6 48. Kf1 Kg7 49. Ke2 Kg8 50. Kd3 Kg7 51. g3 Kg8 52. Ke4 $18 Bg7 53. Kd5 Kf8
54. Kd6 Kg8 55. Ke7 Bf8+ 56. Kd7 Bg7 57. Rc8+ Kh7 58. Ke7 f5 (58... Bd4 59.
Kxf7 Bxf2 60. Rxc3 Be1 61. Rb3 Bf2 (61... Kh6 62. Kg8 $1 Bf2 63. Rd3 $1) 62.
Rd3 Be1 63. Kf6 Kh6 (63... Bf2 64. Kg5 Kg7 65. Rd7+ Kf8 66. Kf6 Ke8 67. Rd3)
64. Rd8 Bc3+ (64... Kh7 65. Kg5 Bxg3 66. Rd7+ Kg8 67. Re7 $1 Kf8 68. Re3 $18)
65. Kf7 Kh7 66. Rg8 $18) 59. Rc4 Kg8 60. Ke6 Kh7 61. Kf7 Be5 62. f4 Bg7 63. Rc6
Bd4 64. Rxg6 Bf2 65. Rg7+ Kh6 66. Kg8 Bd4 67. Re7 Kg6 68. Re6+ Bf6 69. Rc6 1-0

[Event "FIDE-Wch k.o."]
[Site "Moscow"]
[Date "2001.11.29"]
[Round "2.1"]
[White "Nikolic, Predrag"]
[Black "Dautov, Rustem"]
[Result "1/2-1/2"]
[WhiteElo "2652"]
[BlackElo "2630"]
[Annotator "Dautov,R"]
[PlyCount "59"]
[EventDate "2001.11.27"]
[EventType "k.o."]
[EventRounds "7"]
[EventCountry "RUS"]
[SourceTitle "CBM 086"]
[Source "ChessBase"]
[SourceDate "2002.02.05"]
[SourceVersion "1"]
[SourceVersionDate "2002.02.05"]
[SourceQuality "1"]

1. d4 d5 2. c4 c6 3. Nc3 Nf6 4. Nf3 a6 5. c5 Nbd7 6. Bf4 Nh5 7. e3 g6 8. Bd3
Bg7 9. O-O O-O 10. Bg5 Re8 11. e4 $1 $146 {Dieser natürliche und starke Zug
ist erstaunlicherweise eine Neuerung. Bisher hielten es die Weißspieler für
notwendig, diesen Vorstoß vorzubereiten.} (11. h3 Bf6 $1 12. Bxf6 Nhxf6 13. Qd2
Qc7 14. Rae1 e5 15. dxe5 Nxe5 $11 {Sakaev,K-Burmakin,V/Linares 2001}) (11. Re1
Qc7 12. e4 dxe4 13. Rxe4 Ndf6 14. Rh4 Be6 15. Ne5 Nd7 16. Ng4 Rad8 $13 {
Khenkin,I-Engqvist,T/Stockholm 1990}) (11. Qc2 Nf8 12. Rae1 Qc7 13. e4 Bg4 14.
Be2 dxe4 15. Qxe4 Bf5 16. Qe3 Ne6 $11 {Veingold,A-Stefanova,A/Dos Hermanas 2000
}) 11... dxe4 12. Bxe4 Ndf6 13. Bc2 Be6 ({Eigentlich wäre der Abtausch} 13...
Bg4 14. h3 Bxf3 15. Qxf3 {günstig für Schwarz, leider gerät dabei sein Nh5 in
eine missliche Lage. Nach} Qxd4 (15... Nd5 16. Nxd5 Qxd5 17. Qxd5 cxd5 18. g4
$14) 16. g4 Qxc5 17. Be3 Qa5 18. Bb3 $14 {werden drei schwarze Bauern den
weißen Läufer nicht ganz aufwiegen.}) 14. Re1 Nd5 15. Qd2 $14 Qd7 16. Ne5 (16.
h3 Rad8) ({Eine gute Alternative bestand in} 16. Bh6 $5 Bh8 17. Ne5 $14 {/\}
Bxe5 $6 18. Rxe5) 16... Bxe5 17. dxe5 Rad8 {Schwarz pocht auf seinen starken
Vorposten d5, aber seine dunklen Felder sind schwach.} 18. Rad1 Qc7 19. Nxd5 $6
{Die mit diesem Zug beginnenden Vereinfachungen erleichtern ebenfalls die
schwarze Verteidigung.} ({Wesentlich unangenehmer wäre für mich} 19. Ne2 $1 $14
{Auf d4 wird dieser Springer eine gute Figur machen.} Qxe5 (19... f6 20. exf6
exf6 21. Bh6 $14) 20. Nd4 (20. Ng3 Qg7 21. Nxh5 gxh5 $13) 20... Qg7 21. Nxe6
fxe6 22. Bb3 Qf7 23. Qe2 $14 {[%csl Re6]}) 19... Rxd5 20. Qc3 Rxd1 21. Rxd1 Rd8
22. h3 Ng7 23. a3 Bf5 24. Ba4 {Selbstverständlich sollte sich Weiß hüten, die
Läufer abzutauschen.} Ne6 25. Be3 h5 26. Bb3 ({Nikolic sollte den Damentausch
anstreben, obwohl Schwarz auch dann die Stellung mühelos halten dürfte. Z.B.} 
26. b4 Rd7 27. Bb3 Qd8 28. Rxd7 Qxd7 29. f3 Ng7 (29... Nc7 $142) 30. Qd2 $14)
26... Rd7 27. Rxd7 Qxd7 28. Qb4 Ng7 {/\Be6} 29. Bc4 Be6 30. Be2 (30. Be2 Nf5
31. Bg5 Nd4 32. Bd1 Nf5 33. Qd2 Qxd2 34. Bxd2 Nd4 $11 {/\Bb3}) 1/2-1/2

[Event "EU-ch 6th"]
[Site "Warsaw"]
[Date "2005.06.27"]
[Round "9"]
[White "Ftacnik, Lubomir"]
[Black "Dautov, Rustem"]
[Result "1-0"]
[WhiteElo "2540"]
[BlackElo "2609"]
[Annotator "Dautov,R"]
[PlyCount "101"]
[EventDate "2005.06.18"]
[EventType "swiss"]
[EventRounds "13"]
[EventCountry "POL"]
[SourceTitle "CBM 108"]
[Source "ChessBase"]
[SourceDate "2005.09.26"]
[SourceVersion "1"]
[SourceVersionDate "2005.09.26"]
[SourceQuality "1"]

1. d4 Nf6 2. c4 c6 3. Nc3 d5 4. Nf3 a6 5. c5 Nbd7 6. Bf4 Nh5 7. e3 Nxf4 ({
Die andere verbreitete Fortsetzung ist} 7... g6) 8. exf4 b6 9. b4 (9. cxb6)
9... g6 10. Bd3 Bg7 11. Qd2 $146 {Eine Neuerung, bisher wurde 11.Rc1 gespielt.}
(11. Rc1 O-O 12. O-O a5 13. b5 Bb7 14. Na4 bxc5 15. Nxc5 Nxc5 16. Rxc5 cxb5 17.
Bxb5 Rc8 18. Rxc8 Bxc8 19. Qd2 Qb6 $11 {Johannessen,L (2521)-Carlsen,M (2552)/
Molde 2004}) 11... a5 12. b5 Bb7 (12... bxc5 $2 13. bxc6 Nb8 14. Bb5 O-O 15.
dxc5 e6 16. O-O Qc7 17. Nd4 $14) 13. bxc6 Bxc6 14. cxb6 O-O 15. O-O Nxb6 $1 {
Der schwarze Springer strebt nach c4.} (15... Qxb6 16. Rab1 Qa7 17. Bb5 $14)
16. Ne5 Rc8 17. Ba6 Rc7 18. Rab1 (18. Ne2 $6 Nc4 19. Bxc4 dxc4 20. Qxa5 e6 $44)
18... Nc4 19. Bxc4 dxc4 20. d5 Ba8 $1 {/\g5} (20... Bd7 $5 21. Qe3 Bf5 22. Rb5
Bd3 23. Rc1 $14) 21. Rfe1 {Nach mehr oder weniger plausiblen Eröffnungszügen
ist eine strategisch interessante Stellung entstanden. Dem schwarzen
Läuferpaar steht das aktive weiße Springerpaar gegenüber. Der weiße Pd5 ist
schwach, aber er sperrt den Ba8 ein. Außerdem stehen die weißen Leichtfiguren
deutlich aktiver. Alles in allem befindet sich die Stellung in ungefährem
Gleichgewicht.} (21. Qd4 f6 22. Nxc4 e5 23. fxe5 fxe5 24. Nxe5 Rxc3 25. Qxc3
Qxd5 26. Qc4 Bxe5 27. Qxd5+ Bxd5 28. Rb5 Bxh2+ 29. Kxh2 Bc4 $11) 21... Qc8 {
Ein spielbarer Zug, der 22...Rd8 vorbereitet. Besser gefällt mir jedoch im
Nachhinein 21...Rc8 mit der Idee Qc7 und Rfd8.} (21... Rc8 $1 22. Rb5 Qc7 $11 (
22... Rb8 23. Rc5 Rc8 24. Qe3 $11) (22... Qd6 $5 23. Rxa5 e6 $44)) 22. Qe3 Qd8
$2 {Es gab keinen Grund, zwei Tempi zu verschenken, das logische 22...Rfd8
könnte zu einer Zugwiederholung führen.} (22... Rd8 $1 23. Nb5 Bxe5 $1 (23...
Bxd5 24. Nxc7 Qxc7 25. Rb5 e6 26. Reb1 $14) 24. fxe5 (24. Qxe5 $2 Rcd7 $15)
24... Rc5 {diese einfache Fortsetzung habe ich übersehen.} 25. Na7 (25. d6 $4
Qc6) (25. Nc3 Bxd5 $15) 25... Qc7 26. Nb5 Qc8 $11) 23. Rb5 Rc8 24. h4 {Ein
logisches Vorgehen - Weiß will den gegnerischen König schwächen.} (24. Qa7 $5
e6 25. dxe6 fxe6 26. Qe3 Qh4 $132) 24... Qc7 (24... e6 25. dxe6 fxe6 26. g3 Qc7
27. Qb6 Qxb6 28. Rxb6 $14) (24... Rb8 25. Rc5 Rc8 26. h5 Rxc5 27. Qxc5 Qd6 28.
Qxc4 $14 (28. Qxa5 e6 29. dxe6 Qxe6 $44)) 25. h5 gxh5 $2 {[%mdl 16384] Trotz
des zweifachen Tempoverlustes im 22. Zug war die schwarze Stellung solide und
gut spielbar nach 25...Rfd8. Die Textfortsetzung dagegen gibt Weiß ein klares
Angriffsziel - den schwarzen König.} (25... Rfd8 $1 26. hxg6 hxg6 27. a4 $14) (
25... Rfe8 $5) 26. Qh3 $16 Rb8 27. Rxb8 Qxb8 28. Re3 $1 {Ftacnik konzentriert
sich vernünftigerweise auf den Königsangriff. Verlockend war 28.Nd7, aber
Schwarz hatte eine ausreichende Verteidigung.} (28. Nd7 Qb2 29. Nxf8 Bxc3 $1 (
29... Qxc3 $2 30. Re3 Qa1+ 31. Kh2 Bxd5 32. Qc8 $18) 30. Re3 Bd4 31. Qc8 Kg7 $1
32. Ne6+ (32. Rg3+ $2 Kh6 $17) 32... fxe6 33. Rg3+ Kh6 34. Qf8+ Bg7 35. Qxa8
Qc1+ 36. Kh2 Qxf4 $11) 28... Qd6 (28... Qb2 $6 29. Qxh5 Qc1+ 30. Kh2 Qd2 31.
Ne4 Qxd5 32. Rg3 Qxe4 33. Qg5 $18) 29. Qxh5 f6 $138 (29... Bxd5 30. Nxd5 (30.
Rg3 Ba8 31. Qg5 Qf6 32. Qxf6 exf6 33. Nxc4 $16) 30... Qxd5 31. Rg3 Qe6 32. Qg5
Qf6 33. Qxf6 exf6 34. Nxc4 $16) 30. Nc6 $2 $138 {In der beginnenden Zeitnot
unterlaufen uns beiden krasse Fehler.} (30. Nxc4 $1 Qxf4 31. Nb6 $16 (31. Nxa5
$16)) 30... Bxc6 31. dxc6 e5 $2 {Das naheliegende und starke 31...f5 entglitt
vollkommen meiner Aufmerksamkeit.} (31... f5 $1 32. c7 $1 e6 33. Rh3 h6 34. Nb5
Qc6 35. Qg6 Rf6 36. Qg3 $14) 32. Rh3 h6 33. Qg6 exf4 $2 (33... Qxc6 34. Rxh6
Rf7 35. fxe5 Qe8 36. Rh5 $16) 34. Qe4 (34. Ne4 $1 Qxc6 35. Rxh6 Rf7 36. Ng5 $18
) 34... Kh8 35. Qxc4 Rc8 36. Rd3 Rxc6 (36... Qe5 37. Nb5 $18) 37. Qe4 $1 $18 {
Weiß gewinnt die schwarze Dame.} Qc7 38. Qe8+ Kh7 39. Rd7 Rxc3 (39... Qe5 40.
Rxg7+ Kxg7 41. Qxc6 Qe1+ 42. Kh2 Qxf2 $18) 40. Rxc7 Rxc7 41. Qe4+ Kh8 42. Qa8+
Kh7 43. Qxa5 Rc1+ 44. Kh2 Kg6 45. a4 f5 46. Qb6+ Kg5 47. a5 Be5 48. a6 Ra1 49.
a7 f3+ 50. g3 Ra2 51. Qd8+ 1-0

[Event "EU-ch 6th"]
[Site "Warsaw"]
[Date "2005.06.29"]
[Round "11"]
[White "Jaracz, Pawel"]
[Black "Dautov, Rustem"]
[Result "0-1"]
[WhiteElo "2530"]
[BlackElo "2609"]
[Annotator "Dautov,R"]
[PlyCount "80"]
[EventDate "2005.06.18"]
[EventType "swiss"]
[EventRounds "13"]
[EventCountry "POL"]
[SourceTitle "CBM 108"]
[Source "ChessBase"]
[SourceDate "2005.09.26"]
[SourceVersion "1"]
[SourceVersionDate "2005.09.26"]
[SourceQuality "1"]

1. d4 Nf6 2. c4 c6 3. Nc3 d5 4. Nf3 a6 5. c5 Nbd7 6. Bf4 Nh5 7. g3 {M.E. ist
dieser Zug recht harmlos. Mehr Problem bereitet Schwarz 7.e3 oder 7.Bd2.} b6 $5
8. cxb6 (8. b4 Nxf4 9. gxf4 a5 10. b5 Bb7 11. bxc6 Bxc6 12. cxb6 e6 $11) 8...
Nxf4 {Dieser Zwischentausch ist deutlich besser als 8...Qxb6.} (8... Qxb6 $2 9.
Na4 Qb7 (9... Qb4+ 10. Bd2 $14) 10. Bg2 e6 11. O-O c5 12. Rc1 Nxf4 13. gxf4
cxd4 14. Qxd4 Qb4 15. Rfd1 Qxd4 16. Nxd4 g6 17. e4 $16 {Gelfand,B (2709)
-Kobalija,M (2618)/playchess.com 2004}) 9. gxf4 e6 10. Bg2 Qxb6 11. Qd2 (11.
O-O $5 Qxb2 12. Na4 $44) 11... Rb8 12. b3 $2 {[%mdl 16384] Nach diesem Fehler
steht Weiß bereits schlechter. Notwendig war 12.Rb1.} (12. O-O $6 Qxb2 13. Qd3
Qa3 $15) (12. Rb1 $1 c5 13. O-O cxd4 14. Nxd4 Bc5 15. Na4 (15. Rfd1 Bxd4 16.
Qxd4 Qxd4 17. Rxd4 Ke7 $11) 15... Qb4 16. Qxb4 Rxb4 17. Nxc5 Rxd4 18. Nd3 Ke7
19. Rfc1 Kd6 $11) 12... Ba3 $1 $15 {Der schwarzfeldrige Läufer sitzt nun in
der weißen Stellung wie ein Pfahl im Fleische.} 13. O-O O-O 14. Qd3 $6 (14. Ne5
Nxe5 15. fxe5 Qb4 $15) (14. Na4 Qc7 $15) 14... a5 $1 {/\Ba6} 15. f5 Qa6 $1 16.
Qxa6 $2 ({Das kleinste Übel war} 16. fxe6 $1 Qxd3 17. exd3 fxe6 18. Rae1 Bb4
19. Rc1 Ba6 20. Rfe1 Ba3 21. Rcd1 Rf6 22. Re3 Rbf8 $15) 16... Bxa6 17. fxe6
fxe6 18. Rab1 Rf6 $17 {Die entstandene Stellung ist grauenvoll für Weiß, der
alle Hände voll zu tun hat, seinen Bauern e2 zu schützen und zu keinem
Gegenspiel fähig ist. Währenddessen kann Schwarz seinen Druck auf der f-Linie
verstärken.} 19. Rfe1 (19. Rfd1 Bb4 20. Rbc1 Bxc3 21. Rxc3 Bxe2 $17) 19... Rbf8
20. Ng5 h6 21. Nh3 g5 22. f3 c5 $19 23. dxc5 Bxc5+ 24. Kh1 Bb4 25. Rec1 Rc8 {
Die Schwäche e2 geht letzten Endes verloren, die weiße Stellung ist völlig
hoffnungslos.} 26. Na4 Rxc1+ 27. Rxc1 Bxe2 28. Ng1 Bb5 29. Rc7 d4 30. Nb2 Nc5
31. Nh3 d3 32. Nf2 d2 33. Ng4 Rf4 34. Nxh6+ Kf8 35. Ng4 Be2 36. Ne3 Rd4 37.
Nbd1 Nd3 38. Kg1 Bc5 39. Kh1 Rd8 40. h4 Bxd1 0-1